000 00659nam a2200241Ia 4500
003 OSt
005 20220918221236.0
006 a|||||r|||| 00| 0
007 ta
008 220917b |||||||| |||| 00| 0 eng d
024 _a148,916
037 _cTextual
040 _aARTS
_cARTS
_beng
041 _2eng
_aeng
082 _aT, M2
100 _aPattison Robert
_960254
245 0 _aOn literacy
_b The politics of the word from homer to the age of rock
260 _aNew York
_bOxford University Press
_c1982
300 _axvi, 246p
_ccm.
650 _aEDUCATION
942 _hT, M2
_cTEXL
_2CC
999 _c271591
_d271591